| 000 | 00368nam a2200133Ia 4500 | ||
|---|---|---|---|
| 008 | 230411s9999 xx 000 0 und d | ||
| 041 | _aeng | ||
| 082 | _aAD/610.7/HEI/B04841 | ||
| 100 | _aHeidgerken Loretta | ||
| 245 | _aTeaching And Learning In Schools Of Nursing | ||
| 260 |
_bJ B Lippincott Company _aPhiladelphia _c1965 |
||
| 300 | _a685p | ||
| 999 |
_c155437 _d155437 |
||